Sistema lingüístico y cambio lingüístico

Na minha lista:
Detalhes bibliográficos
Autor principal: Hjelmslev, Luis
Formato: Livro
Idioma:Undetermined
Publicado em: Madrid, España Gredos 1976
Assuntos:
Tags: Adicionar Tag
Sem tags, seja o primeiro a adicionar uma tag!

MARC

LEADER 00000nam a2200000Ia 4500
008 170316s9999 xx 000 0 und d
090 |a 410 H-16s 
100 |a Hjelmslev, Luis 
245 |a Sistema lingüístico y cambio lingüístico 
260 |a Madrid, España 
260 |b Gredos 
260 |c 1976 
300 |a 262 páginas 
650 |a LINGÜÍSTICA 
999 |c 18445  |d 18445 
040 |a cru BVZT 
942 |c 15 D  |h 410 H-16s  |2 z